000
00302nam a22001337a 4500
008
180223b xxu||||| |||| 00| 0 eng d
020
_a
9780393913057
041
_a
eng
080
_a
54
100
_a
12
101
_a
KIM
245
_a
Chemconnections activity workbook
_c
Anthony,Sh
942
_2
udc
_c
BK
999
_c
43233
_d
43233